00324 a2200121 450000500170000000800410001702000180005804100120007610000140008824500690010226000230017130000080019420250730114311.0250730b |||||||| |||| 00| 0 eng d a9798891330801 aEnglish aTayade P. a11th Hour Patent Master Keyb: To Clear Indian Patent Agent Exam bNotion Pressc2023 a111